| 000 | 00486nam a22001817a 4500 | ||
|---|---|---|---|
| 005 | 20170623155927.0 | ||
| 010 | _aENG-118558 | ||
| 020 |
_a9789350451205 _c250.00 |
||
| 035 | _aEN-102090 | ||
| 037 | _bDBAD/PUB | ||
| 082 | _aS | ||
| 100 | _aKannabiran,Vasanth | ||
| 245 |
_aTill death do us part / _cby Vasanth Kannabiran |
||
| 260 |
_aCalcutta _bWriters Workshop _c2015 |
||
| 270 |
_a162/92,Lake Garden _bCalcutta _e700045 |
||
| 300 |
_a96p. _b22cm(Hb) |
||
| 942 |
_2ddc _cEN _hS _mKAN |
||
| 999 |
_c140860 _d140860 |
||